Statistics for Cities in a foreign language (vier)

Click here to take the quiz!

General Stats

  • This quiz has been taken 25 times
  • The average score is 11 of 15

Answer Stats

CityLanguageEnglish name% Correct
MeksikasLithuanianMexico City
100%
ReiquiaviquePortugueseReykjavik
100%
BréisselLuxembourgishBrussels
95%
BordeleBasqueBordeaux
91%
ZalcburgaLatvianSalzburg
91%
AtenNorwegianAthens
86%
PeterburiEstonianSt. Petersburg
86%
AlžiirEstonianAlgiers
82%
Tolosa de LlenguadocCatalanToulouse
77%
KeulenAfrikaansCologne
73%
Mông TriệuVietnameseMontreal
45%
ŠanchajusLithuanianShanghai
41%
ÜsküpTurkishSkopje
41%
CarigradSloveneIstanbul
32%
TeurgnBretonTours
23%

Score Distribution

Percentile by Number Answered

Percent of People with Each Score

Your Score History

You have not taken this quiz